00305nam a2200145Ia 4500008004000000041000800040082001100048100002000059245002300079260002200102650000700124650001100131650000700142650001000149210210b1953 xxu||||| |||| 00| 0 eng d aeng a911/30 aLINDBERGH (C A) aSpirit of St Louis aNew Yorkb-c1953 aSt aSpirit aof aLouis